000 00408nam a22001697a 4500
003 macl
005 20150705112057.0
008 150705b xxu||||| |||| 00| 0 eng d
040 _cmacl
041 _aEnglish
082 _a306/SEK
100 _aV.Chandra Sekhar
_9714
245 _aOther Backward Classes In India
260 _aNew Delhi
_bPoonam Goel
_c2006
650 _aSociology
_919
942 _2ddc
_cBK
999 _c50012
_d50012